| 000 | 01230cam a2200337 a 4500 | ||
|---|---|---|---|
| 001 | 3543104 | ||
| 003 | OSt | ||
| 005 | 20140310181740.0 | ||
| 008 | 970508s1997 miu b 000 0 eng | ||
| 010 | _a 97021286 | ||
| 020 | _a9715115195 | ||
| 040 |
_aDLC _cDLC _dDLC |
||
| 050 | 0 | 0 |
_aBT 761.2 _b.Y21 1997 |
| 082 | 0 | 0 |
_aTR 242.21 _bY1 1997 |
| 100 | 1 | _aYancey, Philip. | |
| 245 | 1 | 0 |
_aWhat's so amazing about grace? / _cPhilip Yancey. |
| 246 | 3 | _aWhat is so amazing about grace | |
| 260 |
_cc1997. _aManila, Philippines : _bOMF Literature, |
||
| 300 |
_a292 p. ; _c24 cm. |
||
| 504 | _aIncludes bibliographical references (p. 283-292). | ||
| 521 | _aFaculty | ||
| 541 | _j1 | ||
| 562 | _e1 | ||
| 650 | 0 | _aGrace (Theology) | |
| 856 | 4 | 1 |
_3Table of contents only _uhttp://www.loc.gov/catdir/enhancements/fy0633/97021286-t.html |
| 856 | 4 | 2 |
_3Publisher description _uhttp://www.loc.gov/catdir/enhancements/fy0633/97021286-d.html |
| 856 | 4 | 1 |
_3Sample text _uhttp://www.loc.gov/catdir/enhancements/fy0629/97021286-s.html |
| 906 |
_a7 _bcbc _corignew _d1 _eocip _f19 _gy-gencatlg |
||
| 942 |
_2lcc _cBK-TR _kTR |
||
| 999 |
_c2733 _d2733 |
||